MARC details
| 000 -CABECERA |
| campo de control de longitud fija |
01542nam a2200349 i 4500 |
| 003 - IDENTIFICADOR DEL NÚMERO DE CONTROL |
| campo de control |
DO-SdBNP |
| 005 - FECHA Y HORA DE LA ÚLTIMA TRANSACCIÓN |
| campo de control |
20250606124348.0 |
| 007 - CAMPO FIJO DE DESCRIPCIÓN FÍSICA--INFORMACIÓN GENERAL |
| campo de control de longitud fija |
ta |
| 008 - DATOS DE LONGITUD FIJA--INFORMACIÓN GENERAL |
| campo de control de longitud fija |
250605b1982 dr a||| |||| 00| 0 spa d |
| 040 ## - FUENTE DE LA CATALOGACIÓN |
| Centro catalogador/agencia de origen |
DO-SdBNP |
| Lengua de catalogación |
spa |
| Centro/agencia transcriptor |
BNPHU |
| Normas de descripción |
rda |
| 082 ## - NÚMERO DE LA CLASIFICACIÓN DECIMAL DEWEY |
| Número de clasificación |
xxx |
| Número de documento/Ítem |
G633 |
| Número de edición |
22 |
| 245 00 - MENCIÓN DE TÍTULO |
| Título |
Versos y fábulas : |
| Resto del título |
(antología) / |
| Mención de responsabilidad, etc. |
selección, Fiume Gómez de Michel : ilustraciones, Martín Inoa, Emiliano Despradel, Enrique Montero, María Laura Martínez, Giselle Porcella, entre otros |
| 264 ## - PRODUCCIÓN, PUBLICACIÓN, DISTRIBUCIÓN, FABRICACIÓN Y COPYRIGHT |
| Producción, publicación, distribución, fabricación y copyright |
Santo Domingo : |
| Nombre del de productor, editor, distribuidor, fabricante |
Editora Nivar, |
| Fecha de producción, publicación, distribución, fabricación o copyright |
1982. |
| 300 ## - DESCRIPCIÓN FÍSICA |
| Extensión |
64 Páginas ; |
| Otras características físicas |
ilustraciones |
| Dimensiones |
27 cm. |
| 336 ## - TIPO DE CONTENIDO |
| Término de tipo de contenido |
texto |
| Código de tipo de contenido |
txt |
| Fuente |
rdacontent |
| 337 ## - TIPO DE MEDIO |
| Nombre/término del tipo de medio |
sin mediación |
| Código del tipo de medio |
n |
| Fuente |
rdamedia |
| 338 ## - TIPO DE SOPORTE |
| Nombre/término del tipo de soporte |
volumen |
| Código del tipo de soporte |
nc |
| Fuente |
rdacarrier |
| 500 ## - NOTA GENERAL |
| Nota general |
Ilustraciones realizadas por los alumnos del pintor y profesor Ángel Hache en la Galería de Arte Moderno. |
| 590 ## - NOTA LOCAL (RLIN) |
| Nota local |
Inventariado, 2025/ YL |
| 700 1# - PUNTO DE ACCESO ADICIONAL--NOMBRE DE PERSONA |
| Nombre de persona |
Inoa, Martín |
| Término indicativo de función/relación |
ilustraciones |
| Código de función/relación |
il. |
| 9 (RLIN) |
88005 |
| 700 1# - PUNTO DE ACCESO ADICIONAL--NOMBRE DE PERSONA |
| Nombre de persona |
Despradel, Emiliano |
| Término indicativo de función/relación |
ilustraciones |
| Código de función/relación |
il. |
| 9 (RLIN) |
88006 |
| 700 1# - PUNTO DE ACCESO ADICIONAL--NOMBRE DE PERSONA |
| Nombre de persona |
Montero, Enrique |
| Término indicativo de función/relación |
ilustraciones |
| Código de función/relación |
il. |
| 9 (RLIN) |
88007 |
| 700 1# - PUNTO DE ACCESO ADICIONAL--NOMBRE DE PERSONA |
| Nombre de persona |
Martínez, María Laura |
| Término indicativo de función/relación |
ilustraciones |
| Código de función/relación |
il. |
| 9 (RLIN) |
88008 |
| 700 1# - PUNTO DE ACCESO ADICIONAL--NOMBRE DE PERSONA |
| Nombre de persona |
Porcella, Giselle |
| Término indicativo de función/relación |
ilustraciones |
| Código de función/relación |
il. |
| 9 (RLIN) |
88009 |
| 700 1# - PUNTO DE ACCESO ADICIONAL--NOMBRE DE PERSONA |
| Nombre de persona |
Fernández, Mónica |
| Término indicativo de función/relación |
ilustraciones |
| Código de función/relación |
il. |
| 9 (RLIN) |
88010 |
| 700 1# - PUNTO DE ACCESO ADICIONAL--NOMBRE DE PERSONA |
| Nombre de persona |
Rivas, Christine |
| Término indicativo de función/relación |
ilustraciones |
| Código de función/relación |
il. |
| 9 (RLIN) |
88011 |
| 700 1# - PUNTO DE ACCESO ADICIONAL--NOMBRE DE PERSONA |
| Nombre de persona |
Michel Gómez, Hugo Tomás |
| Término indicativo de función/relación |
ilustraciones |
| Código de función/relación |
il. |
| 9 (RLIN) |
88012 |
| 700 1# - PUNTO DE ACCESO ADICIONAL--NOMBRE DE PERSONA |
| Nombre de persona |
Michel Gómez, Huguette Argelia |
| Término indicativo de función/relación |
ilustraciones |
| Código de función/relación |
il. |
| 9 (RLIN) |
88013 |
| 700 1# - PUNTO DE ACCESO ADICIONAL--NOMBRE DE PERSONA |
| Nombre de persona |
Valdéz, César |
| Término indicativo de función/relación |
ilustraciones |
| Código de función/relación |
il. |
| 9 (RLIN) |
88014 |
| 910 ## - DATOS DE OPCIÓN DEL USUARIO (OCLC) |
| Datos de opción del usuario |
YLockward |
| 942 ## - ELEMENTOS DE PUNTO DE ACCESO ADICIONAL (KOHA) |
| Fuente del sistema de clasificación o colocación |
Dewey Decimal Classification |
| Tipo de ítem Koha |
Libro |